| 000 | 00365nam a2200157Ia 4500 | ||
|---|---|---|---|
| 005 | 20241114022328.0 | ||
| 008 | 240331s9999 xx 000 0 und d | ||
| 020 | _a8186939008 | ||
| 082 |
_bROY _a823 |
||
| 100 | _aRoy, A | ||
| 245 | 4 | _aThe God of Small Things | |
| 260 |
_aNew Delhi _bIndiaInk _c1997 |
||
| 300 | _a339 p ., | ||
| 650 | _aShort Stories | ||
| 942 | _cL | ||
| 999 |
_c3321 _d3321 |
||